Statistics for London Underground Stroop Test

Click here to take the quiz!

General Stats

  • This quiz has been taken 25 times
  • The average score is 10 of 11

Answer Stats

Hint Answer % Correct
BakerlooDistrict
95%
CentralJubilee
95%
PiccadillyCircle
95%
Waterloo & CityNorthern
95%
CircleMetropolitan
90%
Hammersmith & CityVictoria
90%
NorthernBakerloo
90%
VictoriaCentral
90%
DistrictPiccadilly
80%
MetropolitanHammersmith & City
80%
JubileeWaterloo & City
75%

Score Distribution

Percentile by Number Answered

Percent of People with Each Score

Your Score History

You have not taken this quiz